Llwytho...

പനിക്കോല്‍

Manylion Llyfryddiaeth
Prif Awdur: Boban kollanoor
Fformat: Printed Book
Cyhoeddwyd: Thrissur Green Books 2016
Pynciau:
LEADER 00542nam a22001817a 4500
003 OSt
020 |a 9788184234893 
082 |a 920  |b BOB/PA 
100 |a Boban kollanoor 
245 |a പനിക്കോല്‍ 
260 |a Thrissur  |b Green Books  |c 2016 
300 |a 143p 
500 |a Panikkol 
546 |a Malayalam 
650 |a Experience 
942 |2 ddc  |c BK 
999 |c 156686  |d 156686 
952 |0 0  |1 0  |2 ddc  |4 0  |6 920_000000000000000_BOBPA  |7 0  |8 Gen  |9 155883  |a KAUCLV  |b KAUCLV  |c GENERAL  |d 2017-07-19  |g 135.00  |o 920 BOB/PA  |p 225952  |r 2017-07-19  |w 2017-07-19  |y BK